000 00688nam a22002177a 4500
003 OSt
005 20140506114536.0
008 140506b xxu||||| |||| 00| 0 eng d
020 _a9780470259375
050 _aHV 894
_b.M36 2009
100 _aMannix, Darlene.
245 _aLife skills activities for special children /
_cDarlene Mannix.
250 _a2nd ed.
260 _aUSA :
_bJohn Wiley & Sons, Inc.
_cc2009.
300 _axiv. 383 p. :
_bill. ;
_c28 cm.
521 _aEDUC
650 _aChildren with mental disabilities
_xUnited States
_xLife skills guides.
650 _aLife skills
_xStudy and teaching (Elementary)
_xUnited States.
942 _2lcc
_cBK
999 _c115807
_d115807